000 00791nam a22002537a 4500
001 3400
003 FISKH
005 20240304151904.0
008 240301b cb ||||| |||| 00| 0 eng d
040 _aFISK
_beng
_cFISK
_dFISK
050 _aPZ7.H7875
082 _a823.914
100 _aHorowitz Anthoty :
_d1955-
245 _aStormbreaker /
_cAnthony Horowitz
260 _aNew York :
_bScholastic,
_c2002
300 _a192 pages :
_c20 cm
490 _3Alex rider
505 _aM
520 _aAfter the death of the uncle who had been his guardian, fourteen-year-old Alex Rider is coerced to continue his uncle's dangerous work for Britain's intelligence agency, MI6.
521 8 _a670
_bLexile
700 _aAnthony Horowitz
942 _2ddc
_cBK
_n0
999 _c3400
_d3400